Teoría del chileno

Kaydedildi:
Detaylı Bibliyografya
Yazar: Escobar, Roberto (Yazar)
Materyal Türü: Kitap
Dil:İspanyolca
Baskı/Yayın Bilgisi: Santiago Corporación de Estudios Conteporáneos 1981
Konular:
Etiketler: Etiketle
Etiket eklenmemiş, İlk siz ekleyin!

MARC

LEADER 00000nam a2200000 a 4500
001 UCR9938
003 CL-VaPUC
008 980619e19810000CL |||||||||||||||||spa|d
082 0 4 |a 306.089  |b ESC  |2 21 
100 0 |a Escobar, Roberto  |e author  |9 412965 
245 1 0 |a Teoría del chileno 
300 |a 245 p 
942 |c BK 
945 |d 19980619 00:00:00  |a crobeson 
260 |a Santiago  |b Corporación de Estudios Conteporáneos  |c 1981 
650 7 |a SOCIOLOGIA DEL CHILENO  |2 CL-VaPUC  |9 412966 
650 0 |a Sociedad chilena  |9 412967 
650 0 |a Sociología cultural  |9 337005 
650 7 |a CONDICIONES CULTURALES  |2 CL-VaPUC  |9 319132 
650 7 |a MEDIO CULTURAL  |2 CL-VaPUC  |9 356012 
650 0 |a Antropología cultural y social   |9 265143 
650 7 |a CRIOLLOS  |2 CL-VaPUC  |9 373432 
650 0 |a Mestizaje  |9 314827 
651 7 |a CHILE  |2 CL-VaPUC  |9 412968 
583 |a last modification  |c 19980619 00:00:00  |k Rodrigo Vera 
999 |c 271109  |d 271107 
952 |0 0  |1 0  |4 0  |6 306_089000000000000_ESC_1981  |7 0  |8 A  |9 305624  |a BIBEDU  |b BIBEDU  |d 2019-11-20  |i 1421387  |o 306.089 ESC 1981  |p 1421387  |r 2019-11-20  |w 2019-11-20  |y BK  |k LIT 
952 |0 0  |1 0  |4 0  |6 306_089000000000000_ESC_1981  |7 0  |8 A  |9 305625  |a BIBEDU  |b BIBEDU  |d 2019-11-20  |i 1431420  |o 306.089 ESC 1981  |p 1431420  |r 2019-11-20  |w 2019-11-20  |y BK  |k LIT